000 00490cam a2200181ua 4500
020 _c30.00
041 _aeng
_h
082 _a338.7
_bEDW/BU
100 _aEdwards, Ronald S .
245 _aBusiness enterprise: Its growth and organisation /
_cRonald S Edwards.
_hTextual Documents
260 _aLondon :
_bMacMillan and Company Limited ,
_c1964.
300 _a607 ; .
365 _a30.00
504 _a
700 1 _aTownsend, Harry .
942 _cBK
999 _c12332
_d12332